Normal view
MARC view
- Yusuf, Hamid
Entry Personal Name
001 - CONTROL NUMBER
- control field: 46066
003 - CONTROL NUMBER IDENTIFIER
- control field: NUST
005 - DATE AND TIME OF LATEST TRANSACTION
- control field: 20210314133417.0
008 - FIXED-LENGTH DATA ELEMENTS
- fixed length control field: 210314|| aca||aabn | a|a d
040 ## - CATALOGING SOURCE
- Original cataloging agency: NUST
- Transcribing agency: NUST
100 ## - HEADING--PERSONAL NAME
- Personal name: Yusuf, Hamid
670 ## - SOURCE DATA FOUND
- Source citation: Work cat.: (NUST): Yusuf, Hamid., Pakistan, a study of political developments 1947-97 /, 1998.
